<?xml version="1.0" encoding="UTF-8"?>
<marc:record xmlns:marc="http://www.loc.gov/MARC21/slim">
   <marc:leader>00000nam a2200000 a 4500</marc:leader>
   <marc:datafield ind1="1" ind2=" " tag="100">
      <marc:subfield code="a">Hardwicke, Catherine</marc:subfield>
      <marc:subfield code="4">drt</marc:subfield>
      <marc:subfield code="e">Regisseur/-in</marc:subfield>
   </marc:datafield>
   <marc:datafield ind1="1" ind2=" " tag="100">
      <marc:subfield code="a">Weitz, Chris</marc:subfield>
      <marc:subfield code="4">drt</marc:subfield>
      <marc:subfield code="e">Regisseur/-in</marc:subfield>
   </marc:datafield>
   <marc:datafield ind1=" " ind2=" " tag="653">
      <marc:subfield code="a">Fantasy</marc:subfield>
   </marc:datafield>
   <marc:datafield ind1=" " ind2=" " tag="653">
      <marc:subfield code="a">Literaturverfilmung</marc:subfield>
   </marc:datafield>
   <marc:datafield ind1=" " ind2=" " tag="653">
      <marc:subfield code="a">Spielfilm</marc:subfield>
   </marc:datafield>
   <marc:datafield ind1="0" ind2="0" tag="245">
      <marc:subfield code="a">Die Twilight Saga - Was bissher geschah 1 - 3</marc:subfield>
   </marc:datafield>
   <marc:datafield ind1=" " ind2="1" tag="264">
      <marc:subfield code="c">2010</marc:subfield>
   </marc:datafield>
   <marc:datafield ind1="1" ind2=" " tag="490">
      <marc:subfield code="a">Twilight</marc:subfield>
      <marc:subfield code="v">Teil 1 - 3</marc:subfield>
   </marc:datafield>
   <marc:datafield ind1="1" ind2=" " tag="520">
      <marc:subfield code="a">Twilight - Bis(s) zum Morgengrauen: &#xD;
Bella erwartet nicht viel, als sie zu ihrem Vater nach Forks zieht. Doch dann begegnet sie Edward, der so ganz anders ist. Er hütet ein Geheimnis, denn er ist ein Vampir, der unter Menschen lebt der romantische Beginn einer ganz besonderen Verbindung. &#xD;
&#xD;
New Moon - Bis(s) zur Mittagsstunde: &#xD;
Nachdem Bella aufgrund eines Zwischenfalls von Edward verlassen wurde und nur ihr bester Freund Jacob ihr Trost spenden konnte, erfährt sie, dass Edward in höchster Gefahr schwebt und sein Schicksal in ihren Händen liegt. Sie muss zu ihm rechtzeitig bis zur Mittagsstunde! &#xD;
&#xD;
Eclipse - Bis(s) zum Abendrot: &#xD;
Bella steht vor einer wichtigen Entscheidung: Sie muss zwischen Edward und Jacob wählen wohl wissend, dass damit der uralte Kampf zwischen Vampiren und Werwölfen neu entfacht werden könnte...</marc:subfield>
   </marc:datafield>
   <marc:datafield ind1=" " ind2=" " tag="041">
      <marc:subfield code="a">ger</marc:subfield>
   </marc:datafield>
   <marc:datafield ind1="1" ind2=" " tag="521">
      <marc:subfield code="a">FSK ab 12 freigegeben</marc:subfield>
   </marc:datafield>
   <marc:datafield ind1="1" ind2=" " tag="521">
      <marc:subfield code="a">12</marc:subfield>
   </marc:datafield>
   <marc:datafield ind1=" " ind2=" " tag="338">
      <marc:subfield code="a">Videodisk</marc:subfield>
   </marc:datafield>
</marc:record>
